Countries With the Letter R - Statistics

General Stats
  • This quiz has been taken 100 times
  • The average score is 77 of 94
Answer Stats
Countries % Correct
Romania
96%
Australia
94%
Brazil
94%
Russia
94%
Rwanda
94%
France
93%
Ireland
93%
Andorra
91%
Argentina
91%
North Korea
91%
Bulgaria
90%
Portugal
90%
Turkey
90%
Algeria
89%
Armenia
89%
Austria
89%
Belarus
89%
Costa Rica
89%
Germany
89%
Ukraine
89%
Uruguay
89%
Dominican Republic
87%
Azerbaijan
86%
Democratic Republicof the Congo
86%
Sri lanka
86%
United ArabEmirates
86%
Hungary
84%
Morocco
84%
Paraguay
84%
Switzerland
84%
Turkmenistan
84%
Barbados
83%
El Salvador
83%
Greece
83%
Honduras
83%
Israel
83%
Mauritania
83%
Mauritius
83%
Myanmar
83%
Norway
83%
Peru
83%
Republic ofthe Congo
83%
Equatorial Guinea
81%
Eritrea
81%
Grenada
81%
Iran
81%
Niger
81%
Serbia
81%
United Statesof America
81%
Bahrain
80%
Burkina Faso
80%
Central African Republic
80%
Ecuador
80%
Kyrgyzstan
80%
Marshall Islands
80%
Netherlands
80%
Nigeria
80%
Qatar
80%
Singapore
80%
Burundi
79%
Cameroon
79%
Denmark
79%
Federated Statesof Micronesia
79%
Iraq
79%
Jordan
79%
Kiribati
79%
Madagascar
79%
Montenegro
79%
North Macedonia
79%
South Africa
79%
South Korea
79%
Suriname
79%
Syria
79%
Antigua andBarbuda
77%
Bosnia andHerzegovina
77%
Brunei
77%
Croatia
77%
Czech Republic
77%
San Marino
77%
Trinidad andTobago
77%
Cyprus
76%
Liberia
76%
Nauru
76%
Cape Verde
74%
East Timor
74%
Luxembourg
74%
Nicaragua
74%
Saint Vincent andthe Grenadines
74%
Saudi Arabia
74%
Comoros
73%
Georgia
73%
Sao Tome andPrincipe
73%
Ivory Coast
70%
Sierra Leone
67%
No matching quizzes found
Score Distribution
Percent of People with Each Score
Percentile by Number Answered
Your Score History
You have not taken this quiz